000 00740pam a2200253 a 4500
999 _c2979
_d2979
001 019360503
003 UkOxU
005 20230914093747.0
008 120807s2012 enk 000 d eng d
015 _aGBB280530
_2bnb
020 _a9780573112256 (pbk.)
020 _a0573112258 (pbk.)
035 _a(UkCU)5396811
035 _a(Uk)016148511
040 _aStDuBDS
_beng
_cStDuBDS
_dUkCU
_dUk
_dKH8
042 _aukscp
082 0 4 _a822.92 LIN
_223
100 1 _aLinehan, Graham,
_eauthor.
245 1 4 _aThe ladykillers /
_cby Graham Linehan ; from the motion picture screenplay by William Rose.
260 _aLondon :
_bSamuel French,
_cc2012.
300 _a80 p. ;
_c22 cm.
700 1 _aRose, William,
_d1914-1987.
942 _2ddc
_cTR